Giáo trình pháp luật kinh doanh quốc tế

Sparad:
Bibliografiska uppgifter
Huvudupphovsman:  Nguyễn Minh Hằng
Materialtyp: Sách
Språk:Undetermined
Publicerad:  Đại học Quốc gia Hà Nội  2012
Ämnen:
Taggar: Lägg till en tagg
Inga taggar, Lägg till första taggen!
Thư viện lưu trữ: Trung tâm Thư viện - Trường Đại học Công nghiệp TP. Hồ Chí Minh
LEADER 00557nam a2200157Ia 4500
001 UIH_02974
008 231011s9999 xx 000 0 und d
082 |a  343.087 
100 |a  Nguyễn Minh Hằng 
245 0 |a  Giáo trình pháp luật kinh doanh quốc tế 
245 0 |c  Nguyễn Minh Hằng 
260 |b  Đại học Quốc gia Hà Nội 
260 |c  2012 
650 |a  Thương mại quốc tế;  
927 |a Sách 
980 |a Trung tâm Thư viện - Trường Đại học Công nghiệp TP. Hồ Chí Minh